Blackstone's statutes on property law, 2018-2019

Bibliographic Details
Other Authors: Thomas, Meryl (Editor)
Format: Book
Language:English
Published: Oxford : Oxford University Press 2018
Series:Blackstone's statutes
Subjects:

MARC

LEADER 00000cam a2200000 7i4500
001 0000029264
005 20241126.0
008 210520 -uk eng
020 |a 9780198818540 
040 |a INS   |b eng   |e rda 
090 0 0 |a KD810   |b B53 2018 
245 0 0 |a Blackstone's statutes on property law, 2018-2019   |c edited by Meryl Thomas, BA, LLM 
246 3 0 |a Statutes on property law, 2018-2019 
264 1 |a Oxford :   |b Oxford University Press   |c 2018 
264 4 |c ©2018 
300 |a vi, 412 pages ;   |c 25 cm. 
336 |a text  |2 rdacontent 
337 |a unmediated  |2 rdamedia 
338 |a volume  |2 rdacarrier 
490 1 |a Blackstone's statutes 
500 |a Includes index 
650 0 |a Property   |z England. 
651 0 |a England   |a Property   |a Law 
700 0 |a Thomas, Meryl ,   |e editor 
999 |a 1000004233   |b BOOK   |c Open Shelf   |e Default branch